La cuestión del ensanche de Bilbao. (Record no. 169740)
[ view plain ]
| 000 -LEADER | |
|---|---|
| campo de control de longitud fija | 00466nam a22001575i 4500 |
| 001 - NÚMERO DE CONTROL | |
| campo de control | 169740 |
| 003 - IDENTIFICADOR DE NÚMERO DE CONTROL | |
| campo de control | ES-MaACL |
| 005 - FECHA Y HORA DE LA ÚLTIMA TRANSACCIÓN | |
| campo de control | 20230906214200.0 |
| 008 - DATOS DE LONGITUD FIJA--INFORMACIÓN GENERAL | |
| campo de control de longitud fija | 081118s1870 sp |||| | spa d |
| 080 ## - NÚMERO DE LA CLASIFICACIÓN DECIMAL UNIVERSAL | |
| Número de la Clasificación Decimal Universal | 711.4.035(460.152 B.) |
| 245 03 - MENCIÓN DEL TÍTULO | |
| Título | La cuestión del ensanche de Bilbao. |
| 260 ## - PUBLICACIÓN, DISTRIBUCIÓN, ETC. | |
| Lugar de publicación, distribución, etc. | Madrid : |
| Nombre del editor, distribuidor, etc. | [s.n.], |
| Fecha de publicación, distribución, etc. | 1870 ( |
| Fabricante | Imp. de T. Fortanet) |
| 300 ## - DESCRIPCIÓN FÍSICA | |
| Extensión | 37 p. ; |
| Dimensiones | 23 cm. |
| 651 #4 - PUNTO DE ACCESO ADICIONAL DE MATERIA--NOMBRE GEOGRÁFICO | |
| Nombre geográfico | Bilbao- |
| Subdivisión general | Planes urbanísticos- |
| Subdivisión cronológica | S.XIX. |
| 9 (RLIN) | 7884 |
| 852 4# - LOCALIZACIÓN | |
| Ubicación | ES-MaACL |
| Número de control de estantería | T-104-F-4 |
| Estatus retirado | Estado de pérdida | Estado de daño | No para préstamo | Colección | Biblioteca de origen | Biblioteca actual | Ubicación en estantería | Fecha de adquisición | Fuente de adquisición | Total de préstamos | Signatura topográfica completa | Código de barras | Visto por última vez | Precio de reemplazo | Tipo de ítem Koha |
|---|---|---|---|---|---|---|---|---|---|---|---|---|---|---|---|
| Colección de folletos | Biblioteca del Ateneo de Madrid | Biblioteca del Ateneo de Madrid | Depósito folletos | 18/11/2008 | T-104-F-4 | 1178208 | 23/02/2023 | 23/02/2023 | Folleto |
